[Event "Bryansk Zilberstein Memorial 6th"]
[Site "Bryansk"]
[Date "2024.06.07"]
[Round "2"]
[White "Olenin, Nikolay"]
[Black "Galkin, Andrey"]
[Result "1-0"]
[WhiteElo "2306"]
[BlackElo "1820"]
[PlyCount "93"]
[EventDate "2024.06.07"]
[EventType "swiss (rapid)"]
[EventRounds "11"]
[EventCountry "RUS"]
[SourceTitle "CBM 220 Extra"]
[Source "ChessBase"]
[SourceDate "2024.07.31"]
[SourceVersion "1"]
[SourceVersionDate "2024.07.31"]
[SourceQuality "1"]

1. e4 c5 2. Nf3 Nc6 3. Bb5 e6 4. Bxc6 bxc6 5. d3 f6 6. 0-0 Ne7 7. Nh4 d6 8. f4 g6 9. b3 Bg7 10. Bb2 0-0 11. Nd2 Ba6 12. Qe2 Qc7 13. e5 fxe5 14. fxe5 d5 15. c4 Rad8 16. Rxf8+ Rxf8 17. Rf1 Rxf1+ 18. Nxf1 Qa5 19. Bc1 Qc3 20. Bf4 Qd4+ 21. Qf2 h6 22. Bg3 g5 23. Nf3 Qxf2+ 24. Kxf2 Ng6 25. h3 Kf7 26. Ne3 Nf4 27. Bxf4 gxf4 28. Nf1 Kg6 29. g4 fxg3+ 30. Kxg3 Bc8 31. Kf4 Bd7 32. Ng3 Be8 33. h4 h5 34. Ng5 Bh6 35. Ne2 Bxg5+ 36. hxg5 h4 37. Kg4 Kg7 38. Nf4 Bf7 39. Kxh4 Kh7 40. Kg4 Kg7 41. g6 Bxg6 42. Nxe6+ Kh6 43. Nxc5 Bh7 44. Kf4 Kg6 45. Ne6 Bg8 46. Nd8 c5 47. Nb7 1-0